banner-ar

الحرب والمدينة / (Record no. 44069)

MARC details
000 -الفاتح
حقل البيانات ثابتة الطول 00540nam a2200193Ia 4500
008 - عناصر البيانات ثابتة الطول - معلومات عامة
حقل البيانات ثابتة الطول 140319s9999 xx 000 0 ara d
040 ## - مصدر الفهرسة
وكالة الفهرسة الأصلية GCL /
وكالة النسخ GCL
082 04 - رقم تصنيف ديوى العشرى
رقم التصنيف 355.02
رقم المادة ت ح
100 1# - المدخل الرئيسى - إسم شخصى
الإسم الشخصى توينبى، ارنولد
245 10 - بيان العنوان
العنوان الحرب والمدينة /
بيان المسئوليه,etc توينبى، ارنولد
700 1# - المدخل الاضافى - اسم شخصى
الإسم الشخصى احمد محمود سليمان
300 ## - الوصف المادى
التعداد 187
490 ## - بيان السلسلة
عنوان السلسلة الالف كتاب
رقم المجلد/ التعيين التسلسلي 0
650 04 - المدخل الاضافى بالموضوع-مصطلح موضوعى
مصطلح موضوعي الحروف
650 04 - المدخل الاضافى بالموضوع-مصطلح موضوعى
مصطلح موضوعي الحروب
650 04 - المدخل الاضافى بالموضوع-مصطلح موضوعى
مصطلح موضوعي السياسة العسكرية
942 ## - عناصر المدخل الإضافي( كوها)
مصدر التصنيف او مخطط الترفيف Dewey Decimal Classification
Koha [default] item type كتاب
Holdings
حالة التراجع حالة الفقد حالة تلف ليس للاعارة المكان المؤقت الموقع الحالى تاريخ الاكتساب اجمالي اﻻعارات رقم الطلب الباركود تاريخ اخر مشاهدة تاريخ تفعيل السعر نوع وعاء كوها
        مكتبة القاهرة الكبرى مكتبة القاهرة الكبرى 03/26/2014   355.02\ت ح 106936 03/26/2014 03/26/2014 كتاب

Powered By

EGPV